| 000 | 00895nam a22002057a 4500 | ||
|---|---|---|---|
| 999 |
_c899 _d899 |
||
| 005 | 20190121163220.0 | ||
| 008 | 190121b ||||| |||| 00| 0 eng d | ||
| 082 | _a370.117V529 | ||
| 100 |
_91220 _aVernaza Zuñiga, Willa Halda. |
||
| 245 |
_aLa etnoeducación y los estudios afrocolombianos en matemáticas / _cEscuela de Tecnologías de Antioquia ETA; Willa Halda Vernaza Zuñiga. |
||
| 260 |
_aMedellín : _bInfinito Lteda., _c2006. |
||
| 300 |
_a267 p. ; _bGráficas; _c25 cm. |
||
| 650 | 0 |
_91221 _aEstudios Etnicos. _xAfrocolombianos. _zColombia. |
|
| 650 | 0 |
_91226 _aHerramientas educativas. _xPedagogía. _zColombia. |
|
| 650 | 0 |
_91225 _aEtnoeducación. _xCulturalidades - Educación _zColombia. |
|
| 650 | 0 |
_91224 _aEducación. _xMatemáticas. _zColombia. |
|
| 650 | 0 |
_91223 _aEstudios en matemáticas. _xDinamización educativa. _zColombia. |
|
| 650 | 0 |
_91222 _aAfrocolombianidad. |
|
| 942 |
_2ddc _cBK |
||